000 00472nam a2200193Ia 4500
003 GCL
008 140319s9999 xx 000 0 eng d
020 _a0195216083
040 _aGCL /
_cGCL
082 0 4 _a362.5
_bW G
245 1 0 _aGLOBALIZATION, GROWTH, AND POVERTY
260 _aانجلترا :
_bWORLD BANK ،
_c2002
300 _a24 CM ؛
_c175 P
650 0 4 _aCULTURE
650 0 4 _aECONOMIC
650 0 4 _aPOVERITY
650 0 4 _aGLOBALIZATION
942 _2ddc
_cBK
999 _c5744
_d5744